000 00485nmm a2200157Ia 4500
008 251105s9999||||xx |||||||||||||||||und||
020 _a9789562849227
041 _aspa
100 _aSorensen, Kristin
245 0 _aLos medios, la memoria y los derechos humanos en Chile
264 _a[Santiago de Chile, Chile] :
_bRil editores,
_c2015
300 _a220 páginas
650 _aPolitical Science (General)
856 _uhttps://public.digitaliapublishing.com/a/37338
942 _cCF
999 _c94592
_d94592